| 000 | 01501nam a2200253Ia 4500 | ||
|---|---|---|---|
| 999 |
_c50989 _d50989 |
||
| 001 | 17946 | ||
| 003 | GE_BSU | ||
| 005 | 20200302101628.0 | ||
| 008 | 181216s1976ge xx |||||||||||||| ||geo|| | ||
| 040 | _cGE_BSU | ||
| 041 | _ageo | ||
| 080 | _a811.352.2'342 ლ-81 | ||
| 100 |
_aლომთათიძე, ქ. _92924 |
||
| 245 |
_aაფხაზური და აბაზური ენების ისტორიულ-შედარებითი ანალიზი : _bნ.1 :ფონოლოგიური სისტემა და ფონეტიკური პროცესები / _c ქ. ლომთათიძე ; მხატვ. გ. ნადირაძე. |
||
| 260 | _aთბილისი | ||
| 264 |
_aთბილისი : _bმეცნიერება, _c1976. |
||
| 300 |
_a344 გვ.: _bსაძიებელი: გვ. 311-340. _c21 სმ. |
||
| 520 | _aრეზ. რუს. ენ. | ||
| 653 | _aაფხაზური და აბაზური ენების ისტორიულ-შედარებითი ანალიზი | ||
| 653 | _aაფხაზური ენის ფონეტიკა; აბაზური ენის ფონეტიკა | ||
| 653 | _aფონოლოგიური სისტემა და ფონეტიკური პროცესები. | ||
| 700 |
_a ნადირაძე, გ _eმხატვარი _97656 |
||
| 942 |
_cBK _2udc |
||